000 00593nam a2200229Ia 4500
001 867
005 20240113233433.0
007 ta
008 050127s1993 a g b000 u eng u
020 _cPB
040 _aRef .Stack
041 _aeng
082 _a320.9
_bKr 89 Po
100 _aKrieger, Joel .
245 0 _aThe Companion to Politics of the world /
_cJoel Krieger ed.
_hTextual Documents
260 _aNew York :
_bOxford university ,
_c1993.
300 _a1039 :
_bill ;
_c22cm. .
653 _aPolitics - World
942 _2ddc
_cBK
999 _c865
_d865